| 000 | 00731nam a2200277Ia 4500 | ||
|---|---|---|---|
| 008 | 171120s9999 xx 000 0 und d | ||
| 020 | _a1902947312 | ||
| 050 | _a520 | ||
| 050 | _bF235 2000 | ||
| 100 | _aFarndon, John | ||
| 245 | _aSpace / | ||
| 245 | _cby John Farndon. | ||
| 260 | _aDanbury, Connecticut: | ||
| 260 | _bMiles Kelly, | ||
| 260 | _c2000 | ||
| 300 | _a64 pages : | ||
| 300 | _bcolor illustrations ; | ||
| 300 | _c30cm. | ||
| 440 | _a1000 things you should know about. | ||
| 500 | _aIncludes index. | ||
| 650 | _aSpace sciences -- ` | ||
| 650 | _xMiscellanea -- Juvenile literature. | ||
| 700 | _aSeries : One thousand things you should know about. | ||
| 700 | _aSeries. | ||
| 700 | _aTitle. | ||
| 999 |
_c345053 _d345053 |
||